| 000 | 00375nam a2200133Ia 4500 | ||
|---|---|---|---|
| 005 | 20251222144753.0 | ||
| 008 | 251222s9999||||xx |||||||||||||| ||spa|| | ||
| 020 | _a978-9972-57-205-0 | ||
| 082 | _a363.1/P19 | ||
| 100 | _aPalma, Hugo | ||
| 245 | 0 | _aPaz, Seguridad y Desarrollo en América Latina | |
| 264 | _bCentro de Investigación Universidad del Pacífico | ||
| 942 | _cLIB | ||
| 999 |
_c19435 _d19435 |
||